00374nam a2200145Ia 4500008004100000020001500041041001200056082001600068100001700084245007000101260002500171300000800196650000800204700001600212221030s9999 xx 000 0 und d a0074633503 aEnglish a105.23bRan aC. S. Rangan 0aInstrumentation Devices and Systemscby C. S. Rangan, G. R. Sarma bTMHaNew Delhic1998 a549 aECE aG. R. Sarma